000 00354nam a2200145Ia 4500
008 240624s9999 xx 000 0 und d
041 _aeng
082 _a413 OXF
100 _aMCGREGOR R S
245 _aOXFORD HINDI ENGLISH DICTIONARY
250 _a11
260 _c2010
_aNew Delhi
_bOxford
300 _axx, : 1083 : p. : cm. ; 21
365 _cRS
_b32
999 _c17964
_d17964